| 000 | 01391nam a22002057a 4500 | ||
|---|---|---|---|
| 005 | 20220910102027.0 | ||
| 008 | 220910b ||||| |||| 00| 0 eng d | ||
| 020 | _a9781285418780 | ||
| 040 | _cAL | ||
| 041 | _aeng | ||
| 082 |
_223 _a371.227 _bSWES |
||
| 100 |
_aFrederick H Sweitzer _957063 |
||
| 245 |
_aSuccessful Internship _bPersonal, professional and civic development in experiential learning |
||
| 260 |
_a23 _bCengage Learning _c2014 |
||
| 300 |
_axxviii,436p. _bPB _c23X16.1cm. |
||
| 520 | _aTHE SUCCESSFUL INTERNSHIP: PERSONAL, PROFESSIONAL, AND CIVIC DEVELOPMENT IN EXPERIENTIAL LEARNING, International Edition, offers you more than just a resource for how to find a position or how to interview. It addresses the concerns, emotions, needs, and unique personal challenges that are the essence of an internship or field experience, and focuses on the internship as a vehicle for your development as a civic professional. The authors describe in detail the path of change you'll find yourself embarking on and the challenges you'll face along the way. A four-stage model of the internship process―anticipation, exploration, competence, and culmination―places the material in a meaningful framework that lends structure to your understanding of the work you'll be doing. | ||
| 650 |
_2Social sciences _aEducation _957064 |
||
| 700 |
_aKing, Mary A _957065 |
||
| 942 |
_2ddc _cBK |
||
| 999 |
_c224567 _d224567 |
||